Aplique el dBase II (Registro nro. 6325)
[ vista simple ]
| 000 -LEADER | |
|---|---|
| fixed length control field | 01463 a2200241 4500 |
| 001 - CONTROL NUMBER | |
| control field | 57888 |
| 005 - DATE AND TIME OF LATEST TRANSACTION | |
| control field | 20260407155838.0 |
| 008 - FIXED-LENGTH DATA ELEMENTS--GENERAL INFORMATION | |
| fixed length control field | 260407a1985 arg spa d |
| 003 - CONTROL NUMBER IDENTIFIER | |
| control field | AR-UNSa-BCEJYS |
| 040 ## - CATALOGING SOURCE | |
| Original cataloging agency | AR-UNSa-BCEJYS |
| Language of cataloging | spa |
| Transcribing agency | AR-UNSa-BCEJYS |
| 080 ## - UNIVERSAL DECIMAL CLASSIFICATION NUMBER | |
| Universal Decimal Classification number | 004.65 |
| Common auxiliary subdivision | Sistemas de gestión de bases de datos (SG-BD) |
| 020 ## - INTERNATIONAL STANDARD BOOK NUMBER | |
| International Standard Book Number | 968-451-761-0 |
| 041 ## - LANGUAGE CODE | |
| Language code of text/sound track or separate title | spa |
| 100 1# - MAIN ENTRY--PERSONAL NAME | |
| Personal name | Townsend, Carl |
| 245 10 - TITLE STATEMENT | |
| Title | Aplique el dBase II |
| 264 #1 - PRODUCTION, PUBLICATION, DISTRIBUTION, MANUFACTURE, AND COPYRIGHT NOTICE | |
| Place of production, publication, distribution, manufacture | México : |
| Name of producer, publisher, distributor, manufacturer | McGraw-Hill |
| Date of production, publication, distribution, manufacture, or copyright notice | 1985 |
| 300 ## - PHYSICAL DESCRIPTION | |
| Extent | 221 p. |
| Dimensions | 23 cm. |
| 505 ## - FORMATTED CONTENTS NOTE | |
| Formatted contents note | 1. Introducción a dBASE II – 2. Instalación y puesta en funcionamiento de dBASE II – 3. Ficheros, registros y bases de datos – 4. Introducción a la programación – 5. El diseño del sistema – 6. Diseño de los menús – 7. Introducción de registros en una base de datos – 8. Edición de una base de datos – 9. Procesamiento basado en transacciones – 10. Creación de informes con dBASE II – 11. Generadores de pantalla – 12. Gestión de ficheros – 13. Utilización de dBASE II con ficheros externos y programas de aplicación – 4. Utilización de dBASE II como un sistema de gestión de bases de datos tipo red – 15. Métodos de consulta con dBASE II – 16. Depuración de programas con dBASE II – 17. Utilidades dBASE II – 18. Del desarrollo de la producción |
| 590 ## - LOCAL NOTE (RLIN) | |
| Local note | niveau_biblio:m niveau_hierar:0 |
| 700 1# - ADDED ENTRY--PERSONAL NAME | |
| Personal name | Bencomo, Sebastián Dormido |
| 700 1# - ADDED ENTRY--PERSONAL NAME | |
| Personal name | Vaquero Sánchez, Antonio |
| 942 ## - ADDED ENTRY ELEMENTS (KOHA) | |
| Koha item type | |
| Withdrawn status | Lost status | Damaged status | Not for loan | Home library | Current library | Shelving location | Date acquired | Total checkouts | Full call number | Barcode | Date last seen | Price effective from | Koha item type |
|---|---|---|---|---|---|---|---|---|---|---|---|---|---|
| Biblioteca Prof. Eusebio Cleto del Rey | Biblioteca Prof. Eusebio Cleto del Rey | 07/04/2026 | 004.65 T747 | L128891 | 07/04/2026 | 07/04/2026 | Libro |